|
|
|
|
| LEADER |
01258nam a2200313 a 4500 |
| 001 |
35899 |
| 003 |
BD-DhAAL |
| 005 |
20211206103219.0 |
| 008 |
191218t1997 nyu b 001 0 eng d |
| 999 |
|
|
|c 42074
|d 42074
|
| 010 |
|
|
|a 96016823
|
| 020 |
|
|
|a 0673990036
|
| 040 |
|
|
|a DLC
|c DLC
|d DLC
|d BD-DhAAL
|
| 043 |
|
|
|a n-us---
|
| 050 |
0 |
0 |
|a LB2805
|b .M437 1997
|
| 082 |
0 |
0 |
|a 371.200973
|2 20
|
| 100 |
1 |
|
|a Merseth, Katherine Klippert.
|9 38442
|
| 245 |
1 |
0 |
|a Cases in educational administration /
|c Katherine K. Merseth.
|
| 246 |
1 |
4 |
|a Case studies in educational administration
|
| 260 |
|
|
|a New York :
|b Longman,
|c c1997.
|
| 300 |
|
|
|a xiii, 305 pages ;
|c 24 cm.
|
| 504 |
|
|
|a Includes bibliographical references (pages [303]-305) and index.
|
| 526 |
|
|
|a BIED
|
| 541 |
|
|
|a Complimentary copy from BIED
|e 35899
|
| 650 |
|
0 |
|a School management and organization
|z United States
|x Case studies.
|9 38443
|
| 650 |
|
0 |
|a School supervision
|z United States
|x Case studies.
|9 38444
|
| 852 |
|
|
|a Ayesha Abed Library
|c BIED Collection
|
| 942 |
|
|
|2 ddc
|c BK
|
| 952 |
|
|
|0 0
|1 0
|2 ddc
|4 0
|6 371_200973000000000_MER
|7 0
|9 67511
|a BRACUL
|b BRACUL
|c GEN
|d 2019-12-18
|e Complimentary copy from BIED
|l 0
|o 371.200973 MER
|p 3010035899
|r 2019-12-18
|t 1
|w 2019-12-18
|y BK
|x Transferred from BIED to General Stacks
|